| 000 | 00371nam a22001697a 4500 | ||
|---|---|---|---|
| 005 | 20160625093942.0 | ||
| 008 | 160625b xxu||||| |||| 00| 0 eng d | ||
| 020 | _a90-77256-03-02 | ||
| 041 | _aeng | ||
| 082 | _b9934 | ||
| 100 |
_aLearning Wilson _92705 |
||
| 245 | _aVersatile Selling | ||
| 260 | _c2003 | ||
| 300 | _a153 | ||
| 650 |
_aManagement _9241 |
||
| 942 | _cBK | ||
| 999 |
_c3895 _d3894 |
||